000
00338nam a22001217a 4500
005
20251108175601.0
008
250721s1991 xx 000 0 ara d
100
1
_a
شميل, شبلي
245
1
0
_a
مباحث علمية واجتماعية /
264
1
_a
بيروت :
_b
دار الجيل،
_c
1991.
942
_2
ddc
_c
BK
999
_c
137538
_d
137538